01271nam a2200253 a 4500001001000000005001700010008004100027041000800068044000700076084002000083100004500103245009400148260003100242300001700273500018100290500023900471500006000710500001000770650005200780650005600832650003400888650004500922740005000967BRCA_263320190320203911.0011208s1880----sp-#---###---#000-0#spa-u aspa asp a189b.M69c18801 aCervantes Saavedra, Miguel ded1547-161610aEl Ingenioso Hidalgo Don Quijote de la Manchaccompuesto por Miguel de Cervantes Saavedra aMadridbMoya y Plazac1880 a2 v.c12 cm. aContenido : v 1. Primera parte. Dedicatoria del autor. Prólogo del autor. Versos preliminares. Texto. -- v 2. Segunda parte. Dedicatoria del autor. Prólogo del autor. Texto aPreciosa edición microscópica, impresa con gran limpieza y precisión, no obstante su tamaño. Los ejemplares están numerados. Este ejemplar lleva el núm. 55. Pergamino; lomeras decoradas con filetes dorados Lúdovik Osterc aExistencias : El ejemplar descrito lleva el número 55 aQM18114aNovela españolayÉpoca clásica, 1500-170014aLiteratura españolayÉpoca clásica, 1500-170014aNovela españolaySiglo XVII14aDon Quijote (Personaje ficticio)eNovela0 aEl Ingenioso Hidalgo Don Quijote de la Mancha